Statystyki dla Słowa zaczynające się na R, ale kończące się na A

Kliknij tutaj aby rozwiązać quiz!

Ogólne statystyki

  • Ten quiz został rozwiązany 56 razy
  • Średni wynik to 17 z 79

Statystyki odpowiedzi

HintOdpowiedź% Poprawnych
rama
73%
rada
66%
.rura
63%
rana
56%
rola
54%
rafa
51%
rata
51%
ręka
51%
ropa
49%
róża
49%
ruda
49%
rasa
46%
ryba
46%
rolka
41%
reszta
39%
rosa
39%
rzeka
37%
rzepa
37%
rynna
32%
ryza
29%
rysa
27%
rzodkiewka
27%
rodzina
24%
rzęsa
24%
reszka
22%
rewia
22%
rolada
22%
ruja
22%
religia
20%
renta
20%
robota
20%
runda
20%
rewolucja
17%
rózga
17%
rutyna
17%
rzeżucha
17%
rękawiczka
15%
roszada
15%
równina
15%
rukola
15%
ruletka
15%
rywalizacja
15%
relacja
12%
remiza
12%
restauracja
12%
rewelacja
12%
rezerwacja
12%
rozmowa
12%
ruina
12%
rzesza
12%
reakcja
10%
redakcja
10%
republika
10%
rewizja
10%
rewizja
10%
rozeta
10%
rywalka
10%
rzeźba
10%
rzutka
10%
rachuba
7%
rekrutacja
7%
reprezentacja
7%
rozrywka
7%
realia
5%
realizacja
5%
reforma
5%
relikwia
5%
rezygnacja
5%
rocznica
5%
rozgrywka
5%
rozterka
5%
redukcja
2%
refleksja
2%
reprodukcja
2%
reputacja
2%
restrykcja
2%
rodzynka
2%
referencja
0%
reżyseria
0%

Rozkład punktacji

Percentyl według liczby udzielonych odpowiedzi

Procent ludzi z każdym wynikiem

Twoja historia wyników

Nie rozwiązałeś tego quizu